000 00494nam a2200205Ia 4500
003 0100
008 130227s9999 xx 000 0 und d
020 _a0415249546
040 _cARRUPELIB
050 _aLB3013.W74 2001
100 _aWragg, Edward Conrad
245 _aClass management in the secondary school
260 _aLondon
260 _bRoutledge/Falmer
260 _C2001
300 _aviii
300 _b 80p 24cm
440 _aSuccessful teaching series
942 _2lcc
_02
999 _c3986
_d3986